Statistics for Islands by Shape #2

Click here to take the quiz!

General Stats

  • This quiz has been taken 24,914 times
    (11,276 since last reset)
  • The average score is 8 of 16

Answer Stats

Answer % Correct
Ireland
95%
Madagascar
87%
Taiwan
67%
Hispaniola
66%
Honshu
65%
Borneo
60%
Tasmania
57%
South Island
57%
Corsica
56%
Sardinia
53%
Sumatra
46%
Luzon
36%
Long Island
35%
Vancouver
24%
Oahu
21%
Prince Edward Island
20%

Score Distribution

Percentile by Number Answered

Percent of People with Each Score

Your Score History

You have not taken this quiz since the last reset